Transport Infrastructure Projects in Eastern Europe - Opportunities for Profitable Investment: Bulgaria, Czech Republic, Hungary, Poland, Romania, Slovakia. Documentation (Record no. 3397)

MARC details
000 -LEADER
fixed length control field 00603nam a22001817i 4500
001 - CONTROL NUMBER
control field 3447
003 - CONTROL NUMBER IDENTIFIER
control field OSt
005 - DATE AND TIME OF LATEST TRANSACTION
control field 20170126082319.0
007 - PHYSICAL DESCRIPTION FIXED FIELD--GENERAL INFORMATION
fixed length control field tu
008 - FIXED-LENGTH DATA ELEMENTS--GENERAL INFORMATION
fixed length control field 161220s1996 xxu||||| |||| 00| 0 d
024 7# - OTHER STANDARD IDENTIFIER
Standard number or code 3446
Source of number or code RID
040 ## - CATALOGING SOURCE
Transcribing agency OSt
084 ## - OTHER CLASSIFICATION NUMBER
Classification number 10.332
-- 15.80
Number source z
110 2# - MAIN ENTRY--CORPORATE NAME
Corporate name or jurisdiction name as entry element Adam Smith Institute
Relator term Ed.
245 00 - TITLE STATEMENT
Title Transport Infrastructure Projects in Eastern Europe - Opportunities for Profitable Investment: Bulgaria, Czech Republic, Hungary, Poland, Romania, Slovakia. Documentation
Remainder of title The 1996 International Conference, Vienna, March 1996
260 ## - PUBLICATION, DISTRIBUTION, ETC.
Place of publication, distribution, etc. Wien,
Date of publication, distribution, etc. 1996.
300 ## - PHYSICAL DESCRIPTION
Extent ca.200 S. ;
Dimensions 30cm.
942 ## - ADDED ENTRY ELEMENTS (KOHA)
Koha item type Book
Holdings
Withdrawn status Lost status Damaged status Not for loan Home library Current library Shelving location Date acquired Inventory number Total Checkouts Full call number Barcode Date last seen Price effective from Koha item type
        WIIW WIIW Library 03/24/1997 3447   II-6.152 303445 01/26/2017 01/26/2017 Book
The Vienna Instiute for International Economic Studies (wiiw)